Mary Elizabeth Winstead Filmography - Statistics

General Stats
  • This quiz has been taken 28 times
    6 since last reset
  • The average score is 16 of 76
Answer Stats
Type Year Name % Correct
Film 2020 Birds of Prey (and the Fantabulous Emancipation of One Harley Quinn)
80%
Film 2010 Scott Pilgrim vs. the World
80%
Film 2006 Final Destination 3
60%
Film 2016 10 Cloverfield Lane
40%
Film 2006 Black Christmas
40%
Film 2007 Death Proof
40%
Film 2019 Gemini Man
40%
Film 2021 Kate
40%
Film 2007 Live Free or Die Hard
40%
Web Mini-Series 2023 Scott Pilgrim Takes Off
40%
Film 2012 Smashed
40%
Film 2005 The Ring Two
40%
Film 2012 Abraham Lincoln: Vampire Hunter
20%
Film 2013 A.C.O.D.
20%
Web Mini-Series 2024 A Gentleman in Moscow
20%
Film 2012 A Glimpse Inside the Mind of Charles Swan III
20%
Film 2013 A Good Day to Die Hard
20%
Web Series 2023 Ahsoka
20%
Film 2014 Alex of Venice
20%
Film 2018 All About Nina
20%
Film 2006 Bobby
20%
TV Show 2016 Brad Neely's Harg Nallin' Sclopio Peepio
20%
TV Show 2016 BrainDead
20%
Short Film 2012 Casque
20%
Film 2005 Checking Out
20%
TV Show 2015 Comedy Bang! Bang!
20%
Short Film 2011 Cost of Living
20%
Web Series 2017 Danger & Eggs
20%
Music Video 2014 Did We Live Too Fast
20%
TV Pilot 2015 Exposed
20%
Film 2006 Factory Girl
20%
TV Show 2017 Fargo
20%
Film 2014 Faults
20%
Short Film 2012 Funny Joke from a Beautiful Woman
20%
Film 2014 Kill the Messenger
20%
Web Series 2019 LOVE DEATH + ROBOTS
20%
Music Video 2010 Love Your Flawz
20%
Short Film 2011 Magnificat
20%
Film 2008 Make It Happen
20%
TV Show 2016-2017 Mercy Street
20%
TV Film 2004 Monster Island
20%
Music Video 2016 Noise Pollution (Version A, Vocal Up Mix 1.3)
20%
TV Show 1999-2000 Passions
20%
TV Show 1998 Promised Land
20%
TV Pilot 2015 Quarry
20%
Film 2024 Rich Flu
20%
Music Video 2017 Santa Monica
20%
Film 2020 Scott Pilgrim vs. the World Water Crisis
20%
Film 2005 Sky High
20%
Short Film 2016 So It Goes
20%
Film 2016 Swiss Army Man
20%
Web Mini-Series 2012 The Beauty Inside
20%
Film 2025 The Hand That Rocks the Cradle
20%
Film 2016 The Hollars
20%
TV Film 1999 The Long Road Home
20%
Film 2019 The Parts You Lose
20%
TV Show 2015 The Returned
20%
Film 2013 The Spectacular Now
20%
Film 2011 The Thing
20%
TV Show 1997 Touched by an Angel
20%
TV Show 2004 Tru Calling
20%
TV Show 2001-2002 Wolf Lake
20%
Music Video 2010 Black Sheep
0%
Short Documentary 2006 Dead Teenager Movie
0%
Theater 2019 Dying City
0%
TV Pilot 2000 Father Can't Cope
0%
Theater 2024 It's a Wonderful Life: A Live Radio Play
0%
Documentary Series 2025 Long Way Home
0%
Documentary Series 2020 Long Way Up
0%
Web Series 2018 Off Camera
0%
Short Film 2010 Scott Pilgrim vs. The World vs. Funny or Die
0%
Documentary 2014 Showing Up
0%
Short Film 2008 Stop/Eject
0%
Short Film 2019 The Cloverfield Files
0%
Short Film 2013 The Cub
0%
TV Film 2003 Then Came Jones
0%
No matching quizzes found
Score Distribution
Percent of People with Each Score
Percentile by Number Answered
Your Score History
You have not taken this quiz since the last reset